How to be your own Financial Planner In 10 Step/ (Record no. 162602)

MARC details
000 -LEADER
fixed length control field 00609nam a2200181 4500
005 - DATE AND TIME OF LATEST TRANSACTION
control field 20190316162740.0
010 ## - LCCN (DPL NO)
LC control number ENG-124894
020 ## - INTERNATIONAL STANDARD BOOK NUMBER
International Standard Book Number 9789380200675
Terms of availability 499.00
035 ## - SYSTEM CONTROL NUMBER
System control number EN-108426
037 ## - SOURCE OF ACQUISITION
Source of stock number/acquisition DBAD/PUB
082 ## - DEWEY DECIMAL CLASSIFICATION NUMBER
Classification number 332.46
100 ## - MAIN ENTRY--PERSONAL NAME
Personal name Chauhan, Manish
245 ## - TITLE STATEMENT
Title How to be your own Financial Planner In 10 Step/
Statement of responsibility, etc By Manish Chauhan
260 ## - PUBLICATION, DISTRIBUTION, ETC. (IMPRINT)
Place of publication, distribution, etc Mumbai
Name of publisher, distributor, etc TV 18 Broadcast
Date of publication, distribution, etc [201?]
270 ## - ADDRESS
Address 414, 1st floor Empire Mills EmpireSenapati Bapat Marg, Lower parel (w)
City Mumbai
Postal code 400013
Telephone number 9930351413
300 ## - PHYSICAL DESCRIPTION
Extent 161p.
Dimensions 21.5cm(Hb)
Other physical details ill.
942 ## - ADDED ENTRY ELEMENTS (KOHA)
Source of classification or shelving scheme Dewey Decimal Classification
Item type English Books
Classification part 332.46
Call number suffix CHA
Holdings
Withdrawn status Lost status Not for loan Home library Current library Date acquired Source of acquisition Cost, normal purchase price Full call number Barcode Copy number Cost, replacement price Koha item type
    Not For Loan D.B.Act.Division Patel Nagar 16/03/2019 DBAD/PUB 499.00 332.46 CHA EN-108426 1 499.00 English Books

© Delhi Public Library
Hit Counter
free hit counter